الحياة البرية / (رقم التسجيلة. 102146)

تفاصيل مارك
000 -LEADER
fixed length control field 00958nam a22002657a 4500
005 - DATE AND TIME OF LATEST TRANSACTION
control field 20251108173348.0
008 - FIXED-LENGTH DATA ELEMENTS--GENERAL INFORMATION
fixed length control field 250721s2001 xx 000 0 ara d
020 ## - INTERNATIONAL STANDARD BOOK NUMBER
International Standard Book Number 2844095720
082 14 - DEWEY DECIMAL CLASSIFICATION NUMBER
Classification number ط/574.5264/هاس
100 1# - MAIN ENTRY--PERSONAL NAME
Personal name هاسويل، آرثر
Relator term مؤلف
245 10 - TITLE STATEMENT
Title الحياة البرية /
246 11 - VARYING FORM OF TITLE
Title proper/short title How We Use And Abuse Our Planet: Wild Life
264 1# - PRODUCTION, PUBLICATION, DISTRIBUTION, MANUFACTURE, AND COPYRIGHT NOTICE
Place of production, publication, distribution, manufacture بيروت :
Name of producer, publisher, distributor, manufacturer الدار العربية للعلوم،
Date of production, publication, distribution, manufacture, or copyright notice 2001.
300 ## - PHYSICAL DESCRIPTION
Extent 47 ص.
490 0# - SERIES STATEMENT
Series statement سلسلة الحفاظ على البيئة : كوكب الأرض إلى أين؟
650 17 - SUBJECT ADDED ENTRY--TOPICAL TERM
Topical term or geographic name as entry element الحياة البرية
650 17 - SUBJECT ADDED ENTRY--TOPICAL TERM
Topical term or geographic name as entry element المحميات الطبيعية
650 17 - SUBJECT ADDED ENTRY--TOPICAL TERM
Topical term or geographic name as entry element الغابات
650 17 - SUBJECT ADDED ENTRY--TOPICAL TERM
Topical term or geographic name as entry element حماية البيئة
650 17 - SUBJECT ADDED ENTRY--TOPICAL TERM
Topical term or geographic name as entry element مكافحة التلوث
653 ## - INDEX TERM--UNCONTROLLED
Uncontrolled term ناشئون صغار (10-14 سنة)
710 2# - ADDED ENTRY--CORPORATE NAME
Corporate name or jurisdiction name as entry element الدار العربية للعلوم : مركز التعريب و الترجمة
942 ## - ADDED ENTRY ELEMENTS (KOHA)
Source of classification or shelving scheme Dewey Decimal Classification
Koha item type كتب
المقتنيات
حالة السحب حالة الفقدان مصدر التصنيف حالة التلف غير قابل للإعارة المكتبة الرئيسية المكتبة الحالية موقع الرف تاريخ التزويد الرقم المتسلسل Total Checkouts رقم الإستدعاء الباركود تاريخ آخر ظهور تاريخ الفاتورة نوع المادة (كوها)
    Dewey Decimal Classification     المكتبة المركزية المكتبة المركزية الأطفال 29/01/2012 1508619   ط/574.5264/هاس PLD00238010 28/07/2025 29/01/2012 كتب
    Dewey Decimal Classification     المكتبة المركزية المكتبة المركزية الأطفال 04/12/2012 1540171   ط/574.5264/هاس PLD00261885 28/07/2025 04/12/2012 كتب
    Dewey Decimal Classification     المكتبة المركزية المكتبة المركزية مقتنيات قسم التزويد 28/07/2025 1540172   ط/574.5264/هاس   28/07/2025 28/07/2025 كتب
    Dewey Decimal Classification     مكتبة البشائر للأطفال مكتبة البشائر للأطفال الإعارة 23/05/2015 526944   ط/574.5264/هاس PLD00325887 28/07/2025 23/05/2015 كتب
    Dewey Decimal Classification     مكتبة قتيبة للأطفال مكتبة قتيبة للأطفال الأطفال 04/03/2018 1667909   ط/574.5264/هاس PLD00418544 28/07/2025 04/03/2018 كتب
    Dewey Decimal Classification     مكتبة أم المؤمنين للأطفال مكتبة أم المؤمنين للأطفال الأطفال 28/07/2025 431521   ط/574.5264/هاس 431521 28/07/2025 28/07/2025 كتب
    Dewey Decimal Classification     مكتبة أم المؤمنين للأطفال مكتبة أم المؤمنين للأطفال الأطفال 28/07/2025 430293   ط/574.5264/هاس 430293 28/07/2025 28/07/2025 كتب
    Dewey Decimal Classification     مكتبة ومركز فرح مكتبة ومركز فرح الأطفال 05/05/2009 1286737   ط/574.5264/هاس PLD00086458 28/07/2025 05/05/2009 كتب
Implemented & Customized by: BBB with SCIT (Smart Chains for Information Technology)

Powered by Koha